Príprava a reakcie chirálnych 2-formyl-1,4-dihydropyridínov

Gespeichert in:
Bibliographische Detailangaben
1. Verfasser: Baumlová, Barbora, 1978- (Verfasst von)
Format: Manuskript Buch
Sprache:Slowakisch
Veröffentlicht: Bratislava : STU v Bratislave FCHPT, 2003
Ausgabe:Obháj.: 3.6.2003
Tags: Tag hinzufügen
Keine Tags, Fügen Sie das erste Tag hinzu!

MARC

LEADER 00000ntm a22000003a 4500
001 stu80809
005 20150617225640.7
008 030605s2003----xo------------------slo-d
040 |a STU  |b slo 
041 0 |a slo 
044 |a xo 
100 1 |a Baumlová, Barbora,  |d 1978-  |4 aut  |u C8140  |U FCHPT Ústav organickej chémie, katalýzy a petrochémie  |T FCHPT Oddelenie organickej chémie  |X 42541  |U C8140  |Y 124  |7 A000042541 
245 1 |a Príprava a reakcie chirálnych 2-formyl-1,4-dihydropyridínov 
250 |a Obháj.: 3.6.2003 
260 |a Bratislava :  |b STU v Bratislave FCHPT,  |c 2003 
300 |a 59 s. Literatúra 
500 |a Odbor: Organická chémia 
996 |b 284C030063  |c C*D13806  |l CCI  |s A  |a 24  |w stu80809_0001